Polish Voivodeships - Statistics

General Stats
  • This quiz has been taken 24 times
  • The average score is 5 of 16
Answer Stats
Answer % Correct
Greater Poland
58%
Lesser Poland
58%
Pomeranian
58%
Lódz
47%
Masovian
47%
Silesian
47%
Lublin
37%
Lower Silesian
32%
Opole
26%
West Pomeranian
26%
Kuyavian-Pomeranian
16%
Lubusz
16%
Subcarpathian
16%
Podlachian
5%
Swietokrzyskiw
5%
Warmian-Masurian
5%
No matching quizzes found
Score Distribution
Percent of People with Each Score
Percentile by Number Answered
Your Score History
You have not taken this quiz